00554nam a2200217Ia 4500008004100000020001800041040000600059041001200065082001100077082001100088100002000099245004700119245002000166260001500186260001400201260000900215300005500224300001000279501002800289650001900317141004s9999 xx 000 0 und d a0 8493 5741 1 ca aEnglish a631.52 bNEY/BI aCarlos A Neyra aBiochemical basis of plant breeding-Vol.2  cCarlos A Neyra aBoca Raton bCRC Press c1986 a150 p.  b26 cm aKAUCOF  aPlant breeding